Major League Baseball: College Crossovers - Statistics

General Stats
  • This quiz has been taken 20 times
    18 since last reset
  • The average score is 10 of 30
Answer Stats
Picture Hint Answer % Correct
DI Diamondbacks & GCU
80%
DI Braves & Georgia Tech
73%
DI White Sox & Loyola University Chicago
67%
DI Red Sox & Boston University
60%
DI Rockies & Denver
60%
DI (*temporary home) Athletics & Sac State
53%
DI Dodgers & USC
47%
DI (*not LA/Anaheim) Angels & Cal State Fullerton
40%
DI Astros & Rice
40%
DI Brewers & Marquette
40%
DI Cardinals & St. Louis
40%
DI Marlins & FIU
40%
DI Reds & Xavier
40%
DI Twins & Minnesota
40%
DI Mariners & Washington
33%
DIII Orioles & Johns Hopkins
33%
DI Phillies & Temple
33%
DI Rays & USF
33%
DI Mets & St. John's
27%
DI Cubs & DePaul
20%
DI Nationals & Georgetown
20%
DI (*not Arlington) Rangers & SMU
20%
DI Padres & SDSU
13%
DI Yankees & Fordham
13%
DI Pirates & Duquesne
7%
N/A Blue Jays & York
0%
DII Giants & SFSU
0%
DIII Guardians & Case Western Reserve
0%
DII Royals & Rockhurst
0%
DII Tigers & Wayne State
0%
No matching quizzes found
Score Distribution
Percent of People with Each Score
Percentile by Number Answered
Your Score History
You have not taken this quiz since the last reset